| 000 | 00683nam a2200181Ia 4500 | ||
|---|---|---|---|
| 008 | 090124s9999 xx 000 0 und d | ||
| 082 | _b13476 | ||
| 100 | _aदाण्डेकर गोपाल नीलकण्ठ | ||
| 245 | _a श्री सन्त नामदेव | ||
| 250 | _a1 | ||
| 260 |
_bमॅजेस्टिक प्रकाशन _c1974 |
||
| 300 | _a60 | ||
| 600 | _aदाण्डेकर गोपाल नीलकण्ठ | ||
| 630 | _a श्री सन्त नामदेव | ||
| 700 | _aदाण्डेकर गोपाल नीलकण्ठ | ||
| 730 | _a श्री सन्त नामदेव | ||
| 942 | _cBOOK | ||
| 999 |
_c87596 _d87596 |
||